Estatísticas para Datas comemorativas

Clique aqui para jogar o quiz

Estatísticas Gerais

  • Esse quiz foi jogado 104 vezes
    (73 desde o último reset)
  • A pontuação média é 10 de 12

Estatísticas das Respostas

DicaResposta% Correto
Dia dos ovos de chocolatePáscoa
99%
25 de DezembroNatal
97%
7 de SetembroDia da Independência
96%
1º de JaneiroAno novo / Réveillon / Dia da Confraternização Universal
94%
Dia de festa na SapucaíCarnaval
90%
Segundo domingo de maioDia das Mães
87%
Segundo domingo de agostoDia dos pais
87%
15 de novembroProclamação da República
87%
12 de OutubroDia das Crianças / Dia de Nossa Senhora Aparecida
78%
2 de NovembroFinados
73%
21 de AbrilTiradentes
70%
1º de MaioDia do Trabalho
67%

Distribuição das Pontuações

Percentil de Números Respondidos

Porcentagem de Pessoas com Cada Pontuação

Sua Pontuação Histórica

Você não jogou esse quiz desde o último reset